Exchange Rates and International Finance / Third Edition (Record no. 1252)
[ view plain ]
| 000 -LEADER | |
|---|---|
| fixed length control field | 01455cam a22002054a 4500 |
| 005 - ΗΜΕΡΟΜΗΝΙΑ ΚΑΙ ΩΡΑ ΤΕΛΕΥΤΑΙΑΣ ΕΝΗΜΕΡΩΣΗΣ | |
| Πεδίο ελέγχου | 20250605164003.0 |
| 008 - FIXED-LENGTH DATA ELEMENTS--GENERAL INFORMATION | |
| Πεδίο ελέγχου σταθερού μήκους | 250528s ||||||||||||||||||||||||d |
| 035 ## - SYSTEM CONTROL NUMBER | |
| System control number | 15692 |
| 020 ## - ISBN | |
| ISBN | 201398508 |
| 040 ## - ΠΗΓΗ ΚΑΤΑΛΟΓΟΓΡΑΦΗΣΗΣ | |
| Φορέας πρωτότυπης καταλογογράφησης | MC Athens Campus Library |
| Γλώσσα καταλογογράφησης | Ελληνικά, Μοντέρνα (1453-) |
| Modifying agency | MC Athens Campus Library |
| Κανόνες περιγραφικής καταλογογράφησης | AACR2 |
| 245 1# - ΤΙΤΛΟΣ ΚΑΙ ΔΗΛΩΣΗ ΥΠΕΥΘΥΝΟΤΗΤΑΣ | |
| Τίτλος | Exchange Rates and International Finance / Third Edition |
| 250 ## - EDITION STATEMENT | |
| Edition statement | 3rd |
| 260 ## - PUBLICATION, DISTRIBUTION, ETC. | |
| Name of publisher, distributor, etc. | Financial Times - Prentice Hall, |
| Date of publication, distribution, etc. | 2000 |
| 300 ## - PHYSICAL DESCRIPTION | |
| Extent | 494 |
| 520 ## - SUMMARY, ETC. | |
| Summary, etc. | A clear and concise guide to the causes and consequences of exchange rate fluctuations and will enable readers to grasp the essentials of exchange rate theory and its relevance to major events in currency markets. Preface, Introduction, The International Setting, Prices in the Open Economy: Purchasing Power Parity, The Financial Markets in the Open Economy, Open Economy Macroeconomics, Exchange Rate Determination, Flexible Prices: The Monetary Model, Fixed Prices: The Mundell-Fleming Model, Sticky Prices: The Dornbusch Model, Portfolio Balance and the Current Account, Currency Substitutions, Optimum Currency Areas and Monetary Union, A World of Uncertainty, Market Efficiency and Rational Expectations, The ''News'' Model and Exchange Rate Volatility, The Risk Premium, A Certain Uncertainty: Non-linearity and Cycles and Chaos, Fixed Exchange Rates, Target Zones, Crises and Credibility, Conclusions, Bibliography, Index. |
| 700 1# - ΠΡΟΣΘΕΤΗ ΑΝΑΓΡΑΦΗ--ΦΥΣΙΚΟ ΠΡΟΣΩΠΟ | |
| Personal name | Copeland Laurence S |
| 9 (RLIN) | 1663 |
| 942 ## - ADDED ENTRY ELEMENTS (KOHA) | |
| Koha item type | Books |
| Τύπος τεκμηρίου | Βιβλιοθήκη | Τρέχουσα τοποθεσία | Barcode | Αριθμός εισαγωγής | Ημερομηνία απόκτησης | Ταξιθετικό σύμβολο | Αριθμός αντιτύπου | Κατάσταση απόσυρσης | Κατάσταση χαμένου | Κατάσταση κατεστραμμένου | Μη δανεισμός | Σύνολο δανεισμών | Ημερομηνία τελευταίας εμφάνισης | Η τιμή ισχύει από |
|---|---|---|---|---|---|---|---|---|---|---|---|---|---|---|
| Books | MC Athens Campus Library | MC Athens Campus Library | 9780000012517 | 2048 | 05/06/2025 | 332.456 COP | 1 | 05/06/2025 | 05/06/2025 |